000 00593nam a2200229Ia 4500
003 OSt
005 20220924142137.0
006 a|||||r|||| 00| 0
007 ta
008 220923b |||||||| |||| 00| 0 ben d
024 _a300548
037 _cTextual
040 _aARTS
_cARTS
_bben
041 _2ben
_aben
082 _aV251:1:N5, 157K6
100 _aBhattacharya Sri Vivek Ranjan
_9212952
245 0 _aDehali prante
260 _c1966
650 _aHISTORY
942 _hV251:1:N5, 157K6
_cTEXL
_2CC
999 _c449436
_d449436